Name The 50 Smallest Cities In Arizona By Population. - Statistics

General Stats
  • This quiz has been taken 16 times
  • The average score is 13 of 50
Answer Stats
Answer Population % Correct
Why 65
54%
Franklin 75
38%
Valentine/Oatman/Oak Springs 43
38%
Alamo Lake 19
31%
Amado 34
31%
Buckshot 5
31%
Santa Cruz 57
31%
Summerhaven 35
31%
Tumacacori-Carmen 99
31%
Wide Ruins/Roosevelt 6
31%
Wikieup/Kleindale 71
31%
Ali Chukson 49
23%
Ali Molina 66
23%
Anegam 97
23%
Arlington/Shumway 108
23%
Beyerville 25
23%
Campo Bonito 59
23%
Copper Hill 54
23%
Cowlic 98
23%
Crozier 80
23%
East Verde Estates 70
23%
El Capitan 33
23%
Flowing Springs 27
23%
Hunter Creek 20
23%
Kaka 100
23%
Kohls Ranch 109
23%
Ko Vaya 26
23%
Lower Santan Village 110
23%
Lupton 17
23%
Martinez Lake 47
23%
Moccasin 84
23%
Mojave Ranch Estates/Charco 8
23%
Mormon Lake 55
23%
Nolic 104
23%
Oljato-Monument Valley/Wintersburg 11
23%
Padre Ranchitos 51
23%
Rock House 92
23%
Rye 31
23%
Seba Dalkai 72
23%
Sehili 113
23%
Sun Valley 93
23%
Theba 64
23%
Tonopah 50
23%
Truxton 85
23%
Utting 90
23%
Ventana 58
23%
Wahak Hotrontk 37
23%
Washington Park 67
23%
Woodruff 74
23%
Yucca 61
23%
No matching quizzes found
Score Distribution
Percent of People with Each Score
Percentile by Number Answered
Your Score History
You have not taken this quiz